000
00173 a2200097 4500
020
_a
9788434811492
041
_a
spa
100
_a
Hilda Perera
245
_a
Mai
942
_c
BK
999
_c
29204
_d
29202